00871nam a2200241 i 450000100060000000300090000600500170001500700030003200800410003501600170007602000180009304000200011108000110013110000290014224501160017126000710028730000210035850000870037965000410046670000270050771000620053485200330059613649ES-MaACL20230906150631.0t|920904s1989 sp ||||0| spa d7 zCHM920001582 a84-7498-341-X aCHM bspa cCHM a630.431 aElvira Martín, Luis M.10aInflamabilidad y energía de las especies de sotobosque / cLuis Miguel Elvira Martín, Carmen Hernando Lara. aMadrid : bInstituto Nacional de Investigaciones Agrarias, c1989. a99 p. ; c24 cm. aEn la cub., además: (Estudio piloto con aplicación a los incendios forestales)14aIncendios forestales-xPrevención.1 aHernando Lara, Carmen.2 aInstituto Nacional de Investigaciones Agrarias (España) aES-MaACLjL-21035 bR.117484